[Event "Challenge"]
[Site "http://www.queenalice.com/game.php?id=141"]
[Date "2004.7.22"]
[Round "-"]
[White "Barry"]
[Black "kynyo"]
[Result "1-0"]
[WhiteElo "1480"]
[BlackElo "1001"]

1. e4 e5 2. Nf3 d6 3. Bc4 h6 4. d3 Nf6 5. O-O Bg4 6. h3 Bd7 7. Be3 Be7 8. Nc3
O-O 9. a3 a6 10. b4 b5 11. Bb3 c5 12. bxc5 dxc5 13. Nxe5 Bc8 14. a4 b4 15. Nd5
Nxd5 16. Bxd5 Ra7 17. Rc1 Bb7 18. Bxb7 Rxb7 19. Qg4 Bg5 20. Bxg5 hxg5 21. Nf3
Rb6 22. Qxg5 Qc7 23. Nd2 Rg6 24. Qe3 Nd7 25. Nc4 Re8 26. Rfe1 f6 27. Qf3 Ne5 28.
Nxe5 Rxe5 29. Re3 Qd7 30. a5 Qd4 31. Qd1 1-0

[Event "Challenge"]
[Site "http://www.queenalice.com/game.php?id=267"]
[Date "2004.8.14"]
[Round "-"]
[White "Zugzwanged"]
[Black "Barry"]
[Result "1-0"]
[WhiteElo "1500"]
[BlackElo "1543"]

1. e4 e5 2. Nf3 d6 3. d4 exd4 4. Nxd4 Nf6 5. Nc3 a6 6. Bd3 b5 7. O-O Be7 8. f4
Bb7 9. Qf3 Nbd7 10. Nf5 O-O 11. Qg3 g6 12. Nxe7+ Qxe7 13. f5 Nh5 14. Qh3 Ndf6
15. Bh6 Rfe8 16. g4 Ng7 17. Bxg7 Kxg7 18. g5 1-0

[Event "A New Challenge!"]
[Site "http://www.queenalice.com/game.php?id=485"]
[Date "2004.8.25"]
[Round "-"]
[White "Barry"]
[Black "Ruben"]
[Result "0-1"]
[WhiteElo "1480"]
[BlackElo "1323"]

1. e4 Nf6 2. e5 Nd5 3. c4 Nb6 4. d4 d6 5. f4 Bf5 6. Nf3 e6 7. Nc3 dxe5 8. fxe5
Nc6 9. a3 Be7 10. Be2 Qd7 11. Be3 O-O 12. O-O Bg6 13. b4 Rad8 14. Qb3 Bh5 15.
Rad1 Bxf3 16. Bxf3 Kh8 17. Rd2 a6 18. Rfd1 f6 19. exf6 Bxf6 20. a4 Qe8 21. a5
Nc8 22. d5 exd5 23. Nxd5 Be5 24. Re2 Nd6 25. Nxc7 Qg6 26. Bxc6 bxc6 27. Nxa6
Bxh2+ 0-1

[Event "Challenge"]
[Site "http://www.queenalice.com/game.php?id=610"]
[Date "2004.9.4"]
[Round "-"]
[White "Barry"]
[Black "dnptrs"]
[Result "0-1"]
[WhiteElo "1451"]
[BlackElo "1556"]

1. d4 e6 2. c4 Nf6 3. Bg5 d5 4. e3 Be7 5. Nf3 O-O 6. Nc3 c6 7. Bd3 Nbd7 8. O-O
dxc4 9. Bxc4 Nd5 10. Bxe7 Qxe7 11. Rc1 Nxc3 12. Rxc3 e5 13. dxe5 Nxe5 14. Nxe5
Qxe5 15. Qd2 Bg4 16. h3 Bh5 17. Rd3 Qg5 18. f3 Rfd8 19. Rxd8+ Rxd8 20. Qc3 h6
21. Kh2 Qe7 22. e4 Qd6+ 23. Kh1 Qd2 24. Rc1 Kf8 25. Bb3 Qf4 26. Rd1 Rxd1+ 27.
Bxd1 Qd6 28. Bb3 a6 29. Qa5 Bg6 30. Qb6 Qd7 31. Qc5+ Qe7 32. Qd4 f6 33. Qc4 Bf7
34. Qxf7+ Qxf7 35. Bxf7 Kxf7 36. Kg1 h5 37. Kf2 Ke6 38. Ke3 h4 39. f4 c5 40. Kf3
b5 41. g4 hxg3 42. Kxg3 a5 43. Kg4 c4 44. Kf3 g5 0-1

[Event "QA-01-INT"]
[Site "http://www.queenalice.com/game.php?id=704"]
[Date "2004.9.15"]
[Round "1"]
[White "Barry"]
[Black "swayne"]
[Result "1-0"]
[WhiteElo "1437"]
[BlackElo "1369"]

1. d4 d5 2. c4 c6 3. cxd5 cxd5 4. Nf3 Nf6 5. Bf4 Nc6 6. e3 Bg4 7. Be2 e6 8. O-O
Be7 9. h3 Bf5 10. Nc3 O-O 11. a3 h6 12. b4 a6 13. Rc1 b5 14. Bd3 Bxd3 15. Qxd3
Re8 16. Rc2 Bd6 17. Bxd6 Qxd6 18. Rfc1 Ne7 19. Nd2 Ng6 20. Ne2 e5 21. dxe5 Qxe5
22. Nf3 Qd6 23. Rc6 Qe7 24. Ned4 Qe4 25. Qxe4 Rxe4 26. Rc7 Re7 27. Rc8+ Rxc8 28.
Rxc8+ Kh7 29. Ra8 Rc7 30. g3 Ne4 31. Rxa6 Rc1+ 32. Kg2 Ra1 33. Ne2 Ra2 34. Nfd4
Ne5 35. f4 Nd3 36. Kf3 Nd2+ 37. Kg4 Nf2+ 38. Kf5 Nxh3 39. Nc3 Ra1 40. Nxd5 h5
41. Ra7 Rg1 42. Ne2 Rg2 43. Ndc3 Nc4 44. e4 Ne3+ 45. Ke5 f6+ 46. Kd4 Nc2+ 47.
Kc5 Nf2 48. Kxb5 Nxe4 49. Nxe4 Rxe2 50. Nxf6+ Kg6 51. Nxh5 Kxh5 52. Rxg7 Nxa3+
53. Ka6 Rb2 54. Rg5+ Kh6 55. b5 Nxb5 56. Rxb5 Rxb5 57. Kxb5 Kg6 58. g4 Kf6 59.
g5+ Kf5 60. Kc5 Kg6 61. Kd6 Kf5 62. Ke7 Kg6 63. Ke6 Kg7 64. f5 1-0

[Event "QA-01-INT"]
[Site "http://www.queenalice.com/game.php?id=705"]
[Date "2004.9.15"]
[Round "1"]
[White "swayne"]
[Black "Barry"]
[Result "0-1"]
[WhiteElo "1345"]
[BlackElo "1418"]

1. e4 e5 2. Nf3 Nc6 3. Bc4 Bc5 4. O-O d6 5. Nc3 Bg4 6. h3 Bh5 7. d3 h6 8. a3 Nd4
9. Kh1 Nxf3 10. gxf3 Qh4 11. Kh2 Bxf2 12. Nd5 Qg3+ 0-1

[Event "QA-01-INT"]
[Site "http://www.queenalice.com/game.php?id=706"]
[Date "2004.9.15"]
[Round "1"]
[White "Barry"]
[Black "Lauantai"]
[Result "1-0"]
[WhiteElo "1427"]
[BlackElo "1302"]

1. d4 Nf6 2. c4 e6 3. Nc3 Bb4 4. e3 c5 5. Bd2 cxd4 6. exd4 O-O 7. Nf3 d6 8. Bd3
b6 9. a3 Bxc3 10. Bxc3 Bb7 11. O-O d5 12. c5 Nc6 13. Qc2 h6 14. b4 bxc5 15. dxc5
a6 16. Rfe1 Re8 17. h3 Qc7 18. Bxf6 gxf6 19. Qd2 Kf8 20. Qxh6+ Ke7 21. Qd2 Rg8
22. Re3 Rg7 23. Nh4 Nd4 24. Bxa6 Bxa6 25. Qxd4 Bb7 26. Nf5+ 1-0

[Event "QA-01-INT"]
[Site "http://www.queenalice.com/game.php?id=707"]
[Date "2004.9.15"]
[Round "1"]
[White "Lauantai"]
[Black "Barry"]
[Result "1/2-1/2"]
[WhiteElo "1283"]
[BlackElo "1447"]

1. e4 e5 2. Nf3 Nc6 3. Bb5 a6 4. Bxc6 dxc6 5. O-O Bg4 6. h3 Bh5 7. d3 Nf6 8. Bg5
Be7 9. Nbd2 h6 10. Bh4 g5 11. Bg3 Bd6 12. Nc4 g4 13. hxg4 Bxg4 14. Ne3 Qd7 15.
Bh4 Nh5 16. Nxe5 Bxe5 17. Nxg4 Bd6 18. Nf6+ Nxf6 19. Bxf6 Rg8 20. Qf3 Be7 21.
Bxe7 Qxe7 22. Qh5 Qg5 23. Qxg5 hxg5 24. f3 O-O-O 25. Kf2 Kd7 26. c4 Ke6 27. g4
Rxd3 28. Rad1 Rgd8 29. Rxd3 Rxd3 30. Ke2 Rd7 31. b4 Ke5 32. Rc1 f6 33. Ke3 Rd4
34. a3 b6 35. c5 b5 36. Rh1 Rc4 37. Rd1 Rc3+ 38. Rd3 Rc2 39. Rd7 Rc3+ 40. Rd3
Rc2 1/2-1/2

[Event "QA-01-INT"]
[Site "http://www.queenalice.com/game.php?id=1420"]
[Date "2004.10.26"]
[Round "2"]
[White "Barry"]
[Black "kynyo"]
[Result "1/2-1/2"]
[WhiteElo "1433"]
[BlackElo "1251"]

1. d4 d5 2. Nf3 Nc6 3. Bf4 e6 4. e3 a6 5. c4 dxc4 6. Bxc4 Bd6 7. Bxd6 Qxd6 8.
Nc3 Qb4 9. Qb3 Qxb3 10. Bxb3 Nf6 11. O-O O-O 12. Rad1 Ne7 13. h3 c6 14. a3 Ng6
15. Bc2 b5 16. b4 a5 17. bxa5 Rxa5 18. a4 b4 19. Na2 Nd5 20. Bb3 h6 21. Bxd5
cxd5 22. Nxb4 Rxa4 23. Nc6 Ba6 24. Rfe1 Rc8 25. Nfe5 Nxe5 26. Nxe5 Rc2 27. Ra1
Raa2 28. Rxa2 Rxa2 29. Rb1 Rc2 30. Rb8+ Rc8 31. Rxc8+ Bxc8 32. Nc6 Bb7 33. Na5
Ba8 34. f3 f5 35. Kf2 g5 36. Nb3 Kf7 37. Nc5 h5 38. Nd3 h4 39. Ne5+ Kg7 40. g3
hxg3+ 41. Kxg3 Bb7 42. h4 gxh4+ 43. Kxh4 Ba6 44. Kg5 Bc4 45. e4 fxe4 46. fxe4
Bb3 47. exd5 Bxd5 48. Nd7 Kf7 49. Nc5 Ke7 50. Nxe6 Kxe6 51. Kf4 1/2-1/2

[Event "QA-01-INT"]
[Site "http://www.queenalice.com/game.php?id=1421"]
[Date "2004.10.26"]
[Round "2"]
[White "kynyo"]
[Black "Barry"]
[Result "0-1"]
[WhiteElo "1258"]
[BlackElo "1424"]

1. e4 e5 2. Bc4 Nf6 3. Qf3 Nc6 4. c3 Bc5 5. Ne2 O-O 6. O-O d6 7. h3 Be6 8. Bxe6
fxe6 9. Qd3 Nh5 10. b4 Bb6 11. a4 a6 12. Na3 Rf7 13. Nc4 Ba7 14. b5 axb5 15. Ne3
bxa4 16. Rxa4 Bxe3 17. Rxa8 Bxf2+ 18. Rxf2 Qxa8 19. Rxf7 Kxf7 20. Qf3+ Nf6 21.
d3 h6 22. Kh2 Qe8 23. Ng3 Ke7 24. Bb2 b6 25. d4 exd4 26. cxd4 d5 27. e5 Nh7 28.
h4 Qf7 29. Ba3+ Ke8 30. Qc3 Kd7 31. Qc2 Nf8 32. Qd2 Na5 33. Qe2 Nc4 34. Bb4 Qf4
35. Kh3 Ng6 36. Qg4 Qxg4+ 37. Kxg4 Ke8 38. h5 Ne7 39. Ne2 Nf5 40. Kf4 Nb2 41.
Bc3 Nc4 42. g4 Ne7 43. g5 Nf5 44. Ng3 Nxg3 45. Kxg3 c5 46. g6 Ne3 47. Kf3 Nf5
48. dxc5 bxc5 49. Be1 c4 50. Kg4 Kd7 51. Kf3 Kc6 52. Ke2 d4 53. Kd2 Kd5 0-1

[Event "QA-01-INT"]
[Site "http://www.queenalice.com/game.php?id=1422"]
[Date "2004.10.26"]
[Round "2"]
[White "Barry"]
[Black "Pannonius"]
[Result "1/2-1/2"]
[WhiteElo "1433"]
[BlackElo "1440"]

1. d4 Nf6 2. c4 e6 3. Nc3 b6 4. Bg5 Bb7 5. e3 Be7 6. Nf3 Nc6 7. Bd3 h6 8. Bh4 d5
9. O-O O-O 10. cxd5 Nxd5 11. Bxe7 Ncxe7 12. Rc1 Rc8 13. a3 Nxc3 14. Rxc3 Ng6 15.
Bxg6 fxg6 16. Ne5 Kh7 17. Qc2 Qg5 18. f3 c5 19. f4 Qh5 20. dxc5 bxc5 21. g4 Qh3
22. Qxg6+ Kh8 23. e4 Qh4 24. Qxe6 Bxe4 25. Nf7+ Rxf7 26. Qxc8+ Kh7 27. Rg3 Qf6
28. Qxc5 Qxb2 29. Qc4 Qb6+ 30. Rf2 Rxf4 31. Qe2 Rxf2 32. Qxf2 Qb1+ 33. Qf1
1/2-1/2

[Event "QA-01-INT"]
[Site "http://www.queenalice.com/game.php?id=1423"]
[Date "2004.10.26"]
[Round "2"]
[White "Pannonius"]
[Black "Barry"]
[Result "1-0"]
[WhiteElo "1431"]
[BlackElo "1456"]

1. e4 c5 2. Nf3 Nc6 3. d4 cxd4 4. Nxd4 Nf6 5. Nc3 d6 6. Be3 g6 7. f4 e6 8. Bb5
Bd7 9. Nxc6 Bxc6 10. Bxc6+ bxc6 11. O-O Bg7 12. f5 O-O 13. Bg5 Qb6+ 14. Kh1 Qxb2
15. Qd2 Nh5 16. f6 Bh8 17. a4 Qb4 18. g4 Nxf6 19. Bxf6 d5 20. Rab1 Qc4 21. Bxh8
Kxh8 22. exd5 cxd5 23. Rf4 Qc6 24. Ne2 d4+ 25. Kg1 e5 26. Rf2 Qxa4 27. Qg5 Qc4
28. Qxe5+ Kg8 29. Nxd4 Rad8 30. Rf4 a5 31. Nf5 f6 32. Qe7 Qf7 33. Nh6+ 1-0

[Event "QA-01-INT"]
[Site "http://www.queenalice.com/game.php?id=1424"]
[Date "2004.10.26"]
[Round "2"]
[White "Barry"]
[Black "uncas"]
[Result "1-0"]
[WhiteElo "1435"]
[BlackElo "1385"]

1. d4 d5 2. Nf3 Nc6 3. Bf4 f6 4. e3 g5 5. Bg3 g4 6. Nfd2 h5 7. Bd3 f5 8. Bb5 Nf6
9. Nc3 a6 10. Ba4 b5 11. Bb3 h4 12. Bf4 h3 13. gxh3 gxh3 14. Qf3 e6 15. a3 Ng4
16. O-O-O b4 17. axb4 Nxb4 18. Rdg1 Rh4 19. Rg3 e5 20. dxe5 c6 21. Rxh3 a5 22.
Rxh4 Qxh4 23. Bg3 Qh5 24. h3 Qg5 25. hxg4 fxg4 26. Qf4 Qe7 27. Bh4 Qb7 28. Bf6
a4 29. Nxa4 Qb5 30. Nc3 1-0

[Event "QA-01-INT"]
[Site "http://www.queenalice.com/game.php?id=1425"]
[Date "2004.10.26"]
[Round "2"]
[White "uncas"]
[Black "Barry"]
[Result "0-1"]
[WhiteElo "1364"]
[BlackElo "1451"]

1. e4 c5 2. Bc4 Nc6 3. Nf3 d6 4. d3 Bg4 5. Nc3 e6 6. h3 Bh5 7. g4 Bg6 8. Ng5 h6
9. Nf3 Nf6 10. e5 dxe5 11. O-O a6 12. Re1 Bd6 13. Ne4 Nxe4 14. dxe4 b5 15. Bf1
O-O 16. a4 b4 17. h4 Nd4 18. h5 Bh7 19. c3 bxc3 20. bxc3 Nxf3+ 21. Qxf3 Qc7 22.
g5 hxg5 23. Bxg5 f6 24. Bh4 f5 25. Qg3 Kh8 0-1

[Event "Jim Wilson"]
[Site "http://www.queenalice.com/game.php?id=2298"]
[Date "2004.11.29"]
[Round "-"]
[White "Barry"]
[Black "jimwilson"]
[Result "1-0"]
[WhiteElo "1465"]
[BlackElo "1100"]

1. d4 Nf6 2. c4 g6 3. Nf3 d6 4. e3 Bg7 5. Nc3 O-O 6. b3 Re8 7. Be2 Nbd7 8. O-O
e5 9. Bb2 exd4 10. Nxd4 Nc5 11. Qc2 Nce4 12. Rad1 c5 13. Nf3 Bf5 14. Nxe4 Nxe4
15. Bxg7 Kxg7 16. Qb2+ Kg8 17. Nd2 Qg5 18. Bf3 Re6 19. Nxe4 Bxe4 20. Bxe4 Rxe4
21. Rxd6 Rd8 22. Rfd1 Ree8 23. Qd2 Rxd6 24. Qxd6 Qe7 25. g3 Qxd6 26. Rxd6 Re7
27. h4 Kf8 28. Kg2 Ke8 29. Kf3 Rd7 30. Rd5 Rxd5 31. cxd5 Ke7 32. e4 Kd6 33. Kf4
f6 34. g4 b5 35. Ke3 h6 36. f3 f5 37. gxf5 gxf5 38. h5 a6 39. Kd3 f4 40. a3 a5
41. a4 c4+ 42. bxc4 b4 43. Kd4 Kc7 44. c5 Kd7 45. e5 1-0

[Event "Challenge"]
[Site "http://www.queenalice.com/game.php?id=3664"]
[Date "2005.1.11"]
[Round "-"]
[White "jimwilson"]
[Black "Barry"]
[Result "1-0"]
[WhiteElo "1414"]
[BlackElo "1466"]

1. d4 d5 2. c4 dxc4 3. Nf3 Nf6 4. e3 e6 5. Bxc4 c5 6. Nc3 a6 7. O-O b5 8. Bb3 c4
9. Bc2 Bd6 10. e4 Bc7 11. Bg5 h6 12. Bxf6 Qxf6 13. e5 Qd8 14. Be4 Ra7 15. d5
exd5 16. Bxd5 O-O 17. Re1 Re8 18. b3 b4 19. Na4 c3 20. Qd4 1-0